000 00422nam a2200157Ia 4500
008 210716s2012 xx 000 0 und d
020 _a9781420060942
041 _aeng
082 _a621.395 YANS
100 _aYanushkevich, Svetlana N; Shmerko, Vlad P.
245 _aIntroduction to logic design.
250 _a1
260 _aChennai
_bCRC Press
_c2012
300 _axxii,692
650 _aLogic Design, VLSI(621.395)
999 _c193552
_d193552